000 01188nam a2200277 i 4500
001 196503
003 ES-MaACL
005 20250221023633.0
007 ta
008 241003b1988 sp ||||| |||| 00| 0 spa d
040 _bspa
_cES-MaACL
_dES-MaACL
245 0 0 _aBautizo avión Boeing - 747 EC - EEK /
_cFederico García Lorca
260 _aMadrid :
_bIberia [Subdirección Comunicación Corporativa; Noticias],
_c1988
300 _a3 p. ;
_bim. col.;
_c31 cm
336 _2rdacontent
_atexto
337 _2rdamedia
_asin mediación
338 _2rdacarrier
_avolumen
500 _aEn la carpeta se incluye: facsímil de la primera versión autógrafa del "Romance sonámbulo", por Federico García Lorca; así como una imagen a color del nuevo avión BOEING 747/256-B COMBI y los planos de su diseño y medidas.
600 1 4 _954853
_aGarcía Lorca, Federico,
_d1898-1936
650 4 _910454
_aAviones
852 _aES-MaACL
_cDEPOF
_jFOLL-BUE-12
_hLegado: Antonio Buero Vallejo
_9204219
903 _932421
_aBuero Vallejo, Antonio,
_q1
_d1916-2000
_ednr
942 _n0
_cFOLLETOS
999 _c196503
_d196503